00485nam a22001697a 4500003000400000008004100004082001700045100002600062245011600088260003900204300001000243502001700253650001300270650001000283650001100293650001100304OSt260506b |||||||| |||| 00| 0 eng d a633.15bP74E aPrasad, Triloki Nath. aEffect of Irrigation and Pattern of Sowing on Different Intercrops with Winter Naize / cby Triloki Nath Prasad a.- Pusa, Samastipurb: RAUc, 1986 a213p. bPh. D.d1986 aAgronomy aMaize aThesis aPh. D.